Línguas Oficiais do Mundo - Statistics

Estatísticas Gerais
  • Esse quiz foi jogado 200 vezes
  • A pontuação média é 30 de 196
Estatísticas das Respostas
Imagem Resposta % Correto
Inglês
100%
Inglês
100%
Inglês
100%
Francês
66%
Italiano
66%
Russo
66%
Holandês
60%
Japonês
51%
Coreano
50%
Português
50%
Sueco
46%
Grego
45%
Bùlgaro
39%
Chinês
39%
Dinamarquês
39%
Norueguês
39%
Turco
37%
Espanhol
35%
Húngaro
35%
Islandês
35%
Albanês
33%
Alemão
33%
Espanhol
33%
Espanhol
33%
Italiano
33%
Árabe
31%
Espanhol
31%
Espanhol
31%
Árabe
30%
Espanhol
30%
Hebraico
30%
Inglês
30%
Vietnamita
29%
Árabe
28%
Espanhol
27%
Georgiano
27%
Espanhol
26%
Espanhol
26%
Árabe
25%
Árabe
25%
Árabe
25%
Nepalês
25%
Polonês
25%
Árabe
24%
Árabe
24%
Árabe
24%
Coreano
24%
Francês
24%
Espanhol
23%
Árabe
22%
Croata
22%
Inglês
22%
Italiano
22%
Persa
22%
Alemão
20%
Árabe
20%
Bengali
20%
Português
20%
Português
20%
Espanhol
19%
Espanhol
19%
Francês
18%
Inglês
18%
Espanhol
17%
Espanhol
17%
Inglês
17%
Malaio
17%
Inglês
16%
Português
16%
Árabe
15%
Butanês
15%
Indonésio
15%
Inglês
15%
Espanhol
14%
Inglês
14%
Romeno
14%
Sérvio
14%
Alemão
13%
Esloveno
13%
Espanhol
13%
Francês
13%
Francês
13%
Francês
13%
Francês Inglês
13%
Inglês
13%
Tailandês
13%
Birmanês
12%
Eslovaco
12%
Espanhol
12%
Estoniano
12%
Inglês
11%
Irlandês Inglês
11%
Português
11%
Tcheco
11%
Ucraniano
11%
Árabe
10%
Francês
10%
Francês
10%
Francês
10%
Inglês
10%
Português
10%
Árabe
9%
Azeri
9%
Francês
9%
Maori Inglês
9%
Finlandês Sueco
8%
Holandês
8%
Inglês
8%
Inglês
8%
Inglês
8%
Inglês
8%
Armênio
7%
Francês
7%
Francês
7%
Francês
7%
Francês
7%
Inglês
7%
Inglês
7%
Lituano
7%
Mongol
7%
Turcomeno
7%
Grego Turco
6%
Inglês
6%
Inglês
6%
Inglês
6%
Inglês
6%
Letão
6%
Malaio
6%
Mandarim
6%
Português
6%
Catalão
5%
Hindi Inglês
5%
Inglês
5%
Inglês
5%
Maltês Inglês
5%
Romeno
5%
Francês Inglês
4%
Tajique
4%
Amárico
3%
Cazaque Russo
3%
Filipino Inglês
3%
Guarani Espanhol
3%
Inglês
3%
Khmer
3%
Malgaxe Francês
3%
Montenegrino
3%
Somali
3%
Árabe Berbere
2%
Quirguiz Russo
2%
Tétum Português
2%
Usbeque
2%
Árabe Inglês
1%
Dhivehi
1%
Espanhol Francês Português
1%
Gilbertês Inglês
1%
Holandês Alemão Francês
1%
Palauense Inglês
1%
Suaíli
1%
Tonganês Inglês
1%
Urdu Inglês
1%
Albanês Sérvio
0%
Árabe Francês
0%
Árabe Francês
0%
Árabe Inglês
0%
Árabe Inglês
0%
Bielorrusso Russo
0%
Bislama Francês Inglês
0%
Bósnio Sérvio Croata
0%
Comorense Árabe Francês
0%
Crioulo Seichelense Francês Inglês
0%
Curdo Árabe
0%
Dari Pachto
0%
Espanhol Aimará Quéchua
0%
Francês Inglês
0%
Hiri Moto Tok Pisin Inglês
0%
Inglês Fijiano Hindi Fijiano
0%
Inglês Shona Ndebele Chewa
0%
Kirundi Inglês Francês
0%
Laociano
0%
Luxemburguês Alemão Francês
0%
Macedônio Albanês
0%
Marshallês Inglês
0%
Nauruano Inglês
0%
Quiniaruanda Suaíli Francês Inglês
0%
Romanche Alemão Francês Italiano
0%
Samoano Inglês
0%
Sango Francês
0%
Sesoto Inglês
0%
Suaíli Inglês
0%
Suaíli Inglês
0%
Swazi Inglês
0%
Tâmil Cingalês
0%
Tâmil Malaio Mandarim Inglês
0%
Tigrínia Tigre Árabe
0%
Tuvalu Inglês
0%
Zulu Xhosa Afrikaans Sepedi
0%
Nenhum quiz correspondente encontrado
Distribuição das Pontuações
Porcentagem de Pessoas com Cada Pontuação
Percentil de Números Respondidos
Sua Pontuação Histórica
Você não jogou esse quiz